| 000 | 01982cam a22005054i 4500 | ||
|---|---|---|---|
| 003 | PE-LiUPU | ||
| 005 | 20250731165649.0 | ||
| 008 | 150616s r 000 0 d | ||
| 020 | _a0810819996 | ||
| 035 | _a(Sirsi) i9780810819993 | ||
| 040 |
_aPE-LiUPU _bspa _cPE-LiUPU _erda |
||
| 049 | _aPRUA | ||
| 082 | 0 | 4 |
_a016.956944 _bP971 _221 |
| 100 | 1 |
_aPurvis, James D., _eautor. |
|
| 245 | 1 | 0 |
_aJerusalem, the Holy City / _cpor James D. Purvis. |
| 264 | 1 |
_aMetuchen, N.J. : _bThe American Theological Library Association and The Scarecrow Press, Inc., _c1988. |
|
| 300 |
_a499 páginas ; _c22 centímetros |
||
| 336 |
_atext _2rdacontent |
||
| 337 |
_aunmediated _2rdamedia |
||
| 338 |
_avolume _2rdacarrier |
||
| 490 | 0 |
_aATLA. Bibliography Series Nº 20 ; _v1 |
|
| 505 | 0 | _aGeneral studies on Jerusalem.- Jerusalem during the biblical period, to 587 BC.- Jerusalem during the second temple period.- Roman Jerusalem.- Jerusalem in judaism.- Christian Jerusalem.- Jerusalem as a Muslim city.- Jerusalem in modern times. | |
| 526 | _aSEG44 | ||
| 526 | _aSEG26 | ||
| 526 | _aP151 | ||
| 526 | _aP150 | ||
| 526 | _aP149 | ||
| 526 | _aP146 | ||
| 526 | _aP145 | ||
| 526 | _aP126 | ||
| 526 | _aP125 | ||
| 526 | _aP92 | ||
| 526 | _aP75 | ||
| 526 | _aP74 | ||
| 526 | _aP27 | ||
| 526 | _aP15 | ||
| 651 |
_aJerusalén _vBibliografía. |
||
| 910 |
_ajck _bjvq _cjck |
||
| 942 |
_2ddc _cBOOK |
||
| 949 |
_aRC 016.956944 P97 1 _wDEWEY _c1 _i43149 _lCCODEBUL1 _mBUL _r0 _sY _tBOOK _u2015-6-16 _xTEOLOGIA _zUNKNOWN _0COMPRA _o.CIRCNOTE. No olvidar cambiar la fecha de devolución!!!!!!! _o.STAFF. Colección General |
||
| 994 |
_aC0 _bPEPRU |
||
| 596 | _a1 | ||
| 999 |
_aRC 016.956944 P97 1 _wDEWEY _c61107 _i43149 _f2021-11-8 _g5 _lCCODEBUL1 _mBUL _r1 _sY _tBOOK _u2015-6-16 _xTEOLOGIA _zUNKNOWN _0COMPRA _o.CIRCNOTE. No olvidar cambiar la fecha de devolución!!!!!!! _o.STAFF. Colección General _d61107 |
||
| 980 |
_81 _gALBERTO SANCHEZ Responsable de Automatización |
||